[Event "Barnaul Kura Memorial"]
[Site "Barnaul"]
[Date "2021.02.27"]
[Round "2"]
[White "Khitrov, Denis"]
[Black "Lysyj, Igor"]
[Result "0-1"]
[WhiteElo "2041"]
[BlackElo "2605"]
[PlyCount "78"]
[EventDate "2021.02.27"]
[EventType "swiss (rapid)"]
[EventRounds "11"]
[EventCountry "RUS"]
[SourceTitle "CBM 200 Extra"]
[Source "ChessBase"]
[SourceDate "2021.03.31"]
[SourceVersion "1"]
[SourceVersionDate "2021.03.31"]
[SourceQuality "1"]

1. d4 Nf6 2. Nf3 e6 3. Bg5 c5 4. e3 Nc6 5. Nbd2 cxd4 6. exd4 Be7 7. Bd3 b6 8. 0-0 Bb7 9. c3 0-0 10. Qe2 Nd5 11. Qe4 f5 12. Qh4 Bxg5 13. Qxg5 Qxg5 14. Nxg5 Nf4 15. Bc4 Na5 16. Bb5 Bxg2 17. Bxd7 Bd5 18. Rfe1 Rf6 19. Kf1 Rg6 20. Ngf3 Nc4 21. Re3 Nxe3+ 22. fxe3 Nh3 23. c4 Bb7 24. c5 bxc5 25. dxc5 Ba6+ 26. Ke1 Kf8 27. b4 Bd3 28. Rc1 Rg2 29. Rc3 Re2+ 30. Kd1 Rxe3 31. Kc1 Nf4 32. Kb2 Ke7 33. c6 Nd5 34. Rb3 Rb8 35. Nd4 Rxb4 36. Rxb4 Nxb4 37. Bxe6 Rxe6 38. c7 Ba6 39. Nxe6 Kxe6 0-1

[Event "Barnaul Altay-ch"]
[Site "Barnaul"]
[Date "2014.10.17"]
[Round "7"]
[White "Khitrov, Denis"]
[Black "Sukhanov, Igor"]
[Result "0-1"]
[WhiteElo "2125"]
[BlackElo "2036"]
[PlyCount "86"]
[EventDate "2014.10.11"]
[EventType "swiss"]
[EventRounds "9"]
[EventCountry "RUS"]
[SourceTitle "EXT 2015"]
[Source "ChessBase"]
[SourceDate "2014.11.20"]
[SourceVersion "1"]
[SourceVersionDate "2014.11.20"]
[SourceQuality "1"]

1. e4 c5 2. Nf3 d6 3. d4 cxd4 4. Nxd4 Nf6 5. Nc3 a6 6. a4 e5 7. Nb3 Be6 8. Bg5 Nbd7 9. Be2 Be7 10. 0-0 0-0 11. h3 Rc8 12. Be3 Rxc3 13. bxc3 Nxe4 14. Bf3 Nxc3 15. Qd3 Qc7 16. Bxb7 Qxb7 17. Qxc3 Rc8 18. Qb2 d5 19. Rab1 d4 20. Bd2 Qc6 21. Na5 Qxa4 22. c4 Nc5 23. Ra1 Qd7 24. Rad1 e4 25. Be1 Nd3 26. Qe2 f5 27. f3 Nf4 28. Qb2 d3 29. fxe4 Ne2+ 30. Kh1 fxe4 31. Qe5 Bxc4 32. Qxe4 Bb5 33. Qb7 Qxb7 34. Nxb7 Rc2 35. Na5 d2 36. Nb3 dxe1Q 37. Rfxe1 Bb4 38. Rd8+ Kf7 39. Ra1 Rb2 40. Nc1 Ng3+ 41. Kh2 Nf1+ 42. Kh1 Bc6 43. Nd3 Ng3+ 0-1

[Event "Barnaul Altay-ch"]
[Site "Barnaul"]
[Date "2014.10.13"]
[Round "3"]
[White "Khitrov, Denis"]
[Black "Kazantsev, Alexander"]
[Result "0-1"]
[WhiteElo "2125"]
[BlackElo "2039"]
[PlyCount "134"]
[EventDate "2014.10.11"]
[EventType "swiss"]
[EventRounds "9"]
[EventCountry "RUS"]
[SourceTitle "EXT 2015"]
[Source "ChessBase"]
[SourceDate "2014.11.20"]
[SourceVersion "1"]
[SourceVersionDate "2014.11.20"]
[SourceQuality "1"]

1. d4 Nf6 2. Nf3 e6 3. Bg5 h6 4. Bh4 c5 5. e3 b6 6. Nbd2 Bb7 7. Bd3 Be7 8. 0-0 d6 9. c3 Nbd7 10. e4 Nh5 11. Bg3 Nxg3 12. fxg3 Qc7 13. Qe2 0-0 14. Rae1 Rad8 15. Bb1 cxd4 16. cxd4 e5 17. Rc1 Qb8 18. d5 Rc8 19. b4 Rxc1 20. Rxc1 Rc8 21. Rf1 Rc3 22. Bd3 Qc8 23. Ne1 Bg5 24. Nb1 Rc7 25. h4 Bc1 26. Kh2 Nf6 27. Kh1 Qg4 28. Qf3 Bc8 29. Nc2 Bb2 30. Ne3 Qxf3 31. gxf3 Bd4 32. Nc2 Ba6 33. Ne1 Bxd3 34. Nxd3 Rc2 35. g4 Rxa2 36. Rd1 a5 37. bxa5 bxa5 38. Nd2 Kf8 39. Nc4 Ke7 40. Rb1 Nd7 41. Rb5 Ra1+ 42. Kg2 Rd1 43. Nf2 Rc1 44. Nxa5 Nc5 45. Nc6+ Kf6 46. Nxd4 exd4 47. f4 d3 48. Kf3 Rf1 49. Rb2 g5 50. hxg5+ hxg5 51. fxg5+ Ke5 52. Kg2 Rc1 53. Kf3 Rc2 54. Rb4 Rc1 55. Rb2 Kd4 56. Rb4+ Kc3 57. Rb6 Rf1 58. Kg2 Rxf2+ 59. Kxf2 d2 60. Ke2 Kc2 61. Rb2+ Kxb2 62. Kxd2 Nxe4+ 63. Ke3 Nxg5 64. Kf4 Nh7 65. Kf5 Kc3 66. g5 Kd4 67. g6 fxg6+ 0-1

[Event "Barnaul Altay-ch"]
[Site "Barnaul"]
[Date "2014.10.12"]
[Round "2"]
[White "Boiarintsev, Vitaly"]
[Black "Khitrov, Denis"]
[Result "1-0"]
[WhiteElo "2285"]
[BlackElo "2125"]
[PlyCount "55"]
[EventDate "2014.10.11"]
[EventType "swiss"]
[EventRounds "9"]
[EventCountry "RUS"]
[SourceTitle "EXT 2015"]
[Source "ChessBase"]
[SourceDate "2014.11.20"]
[SourceVersion "1"]
[SourceVersionDate "2014.11.20"]
[SourceQuality "1"]

1. e4 e6 2. d4 d5 3. e5 c5 4. c3 Nc6 5. Nf3 Bd7 6. a3 Qb6 7. b4 cxd4 8. cxd4 Nge7 9. Nc3 Ng6 10. h4 Be7 11. Be3 Rc8 12. Na4 Qd8 13. h5 Nf8 14. h6 g6 15. Nc5 b6 16. Nb7 Qc7 17. Ba6 Rb8 18. Nd6+ Bxd6 19. exd6 Qxd6 20. Qd2 f6 21. b5 Na5 22. Bf4 e5 23. dxe5 Qe6 24. 0-0 Nb3 25. Qb2 Nxa1 26. exf6 Kd8 27. Bxb8 d4 28. Nxd4 1-0

[Event "Moscow op-B"]
[Site "Moscow"]
[Date "2009.02.07"]
[Round "8"]
[White "Khitrov, Denis"]
[Black "Tangatarov, Timur"]
[Result "1-0"]
[WhiteElo "1400"]
[BlackElo "2121"]
[PlyCount "65"]
[EventDate "2009.01.31"]
[EventType "swiss"]
[EventRounds "9"]
[EventCountry "RUS"]
[SourceTitle "EXT 2012"]
[Source "ChessBase"]
[SourceDate "2011.11.24"]
[SourceVersion "1"]
[SourceVersionDate "2011.11.24"]
[SourceQuality "1"]

1. e4 c5 2. Nf3 d6 3. d4 cxd4 4. Nxd4 Nf6 5. Nc3 a6 6. a4 e5 7. Nb3 Be7 8. Be2 0-0 9. 0-0 Be6 10. Bg5 Nbd7 11. a5 Rc8 12. Be3 Qc7 13. g4 Qc6 14. Bf3 Nc5 15. Nxc5 dxc5 16. g5 Rfd8 17. Qe2 Ne8 18. Nd5 Bxd5 19. exd5 Qg6 20. h4 f5 21. c4 Qd6 22. Bg2 g6 23. Bd2 Bf8 24. h5 Ng7 25. Bc3 Re8 26. h6 Nh5 27. Rfe1 e4 28. Qe3 Qd8 29. f4 exf3 30. Qxf3 Qd6 31. Re6 Rxe6 32. dxe6 Nf4 33. Rd1 1-0

[Event "Moscow op-B"]
[Site "Moscow"]
[Date "2009.02.01"]
[Round "3"]
[White "Stoljarov, Dmitriy"]
[Black "Khitrov, Denis"]
[Result "1-0"]
[WhiteElo "1983"]
[BlackElo "1400"]
[PlyCount "60"]
[EventDate "2009.01.31"]
[EventType "swiss"]
[EventRounds "9"]
[EventCountry "RUS"]
[SourceTitle "EXT 2012"]
[Source "ChessBase"]
[SourceDate "2011.11.24"]
[SourceVersion "1"]
[SourceVersionDate "2011.11.24"]
[SourceQuality "1"]

1. e4 e6 2. Qe2 c5 3. f4 Nc6 4. Nf3 Be7 5. g3 d5 6. d3 Nf6 7. Bg2 0-0 8. 0-0 Bd7 9. Nbd2 Qb6 10. Kh1 Rac8 11. Ne5 Nd4 12. Qd1 Rfd8 13. g4 dxe4 14. Nxd7 Rxd7 15. Nxe4 Nxe4 16. Bxe4 Rcd8 17. c3 f5 18. Bg2 Nb5 19. gxf5 exf5 20. a4 Nc7 21. a5 Qb5 22. Qf3 b6 23. axb6 axb6 24. Ra7 Rxd3 25. Qe2 Qd7 26. c4 Rd6 27. Bd5+ Kh8 28. Re1 Bf8 29. b4 Qc8 30. bxc5 bxc5 1-0